000 00464nam a2200157 4500
001 108239
003 ES-MaACL
005 20230906184615.0
007 t|
008 061121s1962 sp r ||||1| cat d
100 1 _aMoll, Francesc de B. (
_d1903-1991)
_982033
245 1 3 _aUn home de combat
_b: ( Mossén Alcover) /
_cFrancesc de B. Moll.
260 _aPalma de Mallorca,
_c1962.
300 _a322 p., 14 lám ;
_c15 cm.
852 _aES-MaACL
_jC-25673
_bR.49832
999 _c108239
_d108239